Les 5 Meilleurs Buteurs de Serie A par Saison (XXIème siècle) - Statistiques

Statistiques générales
  • Ce quiz a été pris 264 fois
    42 depuis la dernière actualisation
  • Le résultat moyen est 73 sur 130
Statistiques - réponses
Saison Top Buts Club Joueur % Correct
2003/2004 3 20 AS Rome Francesco Totti
95%
2006/2007 1 26 AS Rome Francesco Totti
95%
2013/2014 1 22 Torino FC Ciro Immobile
92%
2017/2018 1 29 Lazio Rome Ciro Immobile
92%
2019/2020 1 36 Lazio Rome Ciro Immobile
92%
2020/2021 5 20 Lazio Rome Ciro Immobile
92%
2021/2022 1 27 Lazio Rome Ciro Immobile
92%
2002/2003 4 16 Juventus Turin Alessandro Del Piero
90%
2007/2008 1 21 Juventus Turin Alessandro Del Piero
90%
2018/2019 4 21 Juventus Turin Cristiano Ronaldo
90%
2019/2020 2 31 Juventus Turin Cristiano Ronaldo
90%
2020/2021 1 29 Juventus Turin Cristiano Ronaldo
90%
2021/2022 3 21 Inter Milan Lautaro Martinez
90%
2022/2023 2 21 Inter Milan Lautaro Martinez
90%
2023/2024 1 24 Inter Milan Lautaro Martinez
90%
2015/2016 2 19 Juventus Turin Paulo Dybala
90%
2017/2018 3 22 Juventus Turin Paulo Dybala
90%
2019/2020 3 23 Inter Milan Romelu Lukaku
90%
2020/2021 2 24 Inter Milan Romelu Lukaku
90%
2024-2025 5 14 SSC Naples Romelu Lukaku
90%
2020/2021 4 21 ACF Fiorentina Dusan Vlahovic
87%
2021/2022 2 24 ACF Fiorentina / Juventus Turin Dusan Vlahovic
87%
2023/2024 2 16 Juventus Turin Dusan Vlahovic
87%
2022/2023 5 13 Atalanta BC Ademola Lookman
85%
2024-2025 3 15 Atalanta BC Ademola Lookman
85%
2002/2003 3 17 AC Milan Filippo Inzaghi
85%
2013/2014 5 17 SSC Naples Gonzalo Higuain
85%
2014/2015 4 18 SSC Naples Gonzalo Higuain
85%
2015/2016 1 36 SSC Naples Gonzalo Higuain
85%
2016/2017 5 24 Juventus Turin Gonzalo Higuain
85%
2022/2023 4 15 AC Milan Rafael Leao
82%
2022/2023 1 26 SSC Naples Victor Osimhen
79%
2023/2024 4 15 SSC Naples Victor Osimhen
79%
1999/2000 1 24 AC Milan Andriy Shevchenko
77%
2000/2001 2 24 AC Milan Andriy Shevchenko
77%
2003/2004 1 24 AC Milan Andriy Shevchenko
77%
2005/2006 4 19 AC Milan Andriy Shevchenko
77%
2016/2017 2 28 SSC Naples Dries Mertens
77%
2017/2018 5 18 SSC Naples Dries Mertens
77%
2023/2024 3 15 AC Milan Olivier Giroud
77%
2024-2025 1 25 Atalanta BC Mateo Retegui
74%
2014/2015 1 22 Inter Milan Mauro Icardi
74%
2015/2016 4 16 Inter Milan Mauro Icardi
74%
2016/2017 4 24 Inter Milan Mauro Icardi
74%
2017/2018 2 29 Inter Milan Mauro Icardi
74%
2009/2010 1 29 Udinese Calcio Antonio Di Natale
72%
2010/2011 1 28 Udinese Calcio Antonio Di Natale
72%
2011/2012 4 23 Udinese Calcio Antonio Di Natale
72%
2012/2013 2 23 Udinese Calcio Antonio Di Natale
72%
2013/2014 4 17 Udinese Calcio Antonio Di Natale
72%
2016/2017 1 29 AS Rome Edin Dzeko
72%
2004/2005 4 20 Palerme FC Luca Toni
72%
2005/2006 1 31 ACF Fiorentina Luca Toni
72%
2013/2014 2 20 Hellas Verone Luca Toni
72%
2014/2015 2 22 Hellas Verone Luca Toni
72%
2007/2008 4 17 Inter Milan Zlatan Ibrahimovic
72%
2008/2009 1 25 Inter Milan Zlatan Ibrahimovic
72%
2011/2012 1 28 AC Milan Zlatan Ibrahimovic
72%
2010/2011 2 26 SSC Naples Edinson Cavani
69%
2011/2012 3 23 SSC Naples Edinson Cavani
69%
2012/2013 1 29 SSC Naples Edinson Cavani
69%
2017/2018 4 19 UC Sampdoria Fabio Quagliarella
69%
2018/2019 1 26 UC Sampdoria Fabio Quagliarella
69%
2024-2025 2 19 ACF Fiorentina Moise Kean
69%
2000/2001 5 18 Inter Milan Christian Vieri
67%
2001/2002 3 22 Inter Milan Christian Vieri
67%
2002/2003 1 24 Inter Milan Christian Vieri
67%
2001/2002 2 24 Juventus Turin David Trézéguet
67%
2005/2006 2 23 Juventus Turin David Trézéguet
67%
2007/2008 2 20 Juventus Turin David Trézéguet
67%
2013/2014 3 19 Juventus Turin Carlos Tevez
64%
2014/2015 3 20 Juventus Turin Carlos Tevez
64%
2010/2011 3 21 Inter Milan Samuel Eto'o
62%
2008/2009 2 24 Genoa CFC Diego Milito
59%
2009/2010 2 22 Inter Milan Diego Milito
59%
2011/2012 2 24 Inter Milan Diego Milito
59%
1999/2000 3 22 Parme FC Hernan Crespo
59%
2000/2001 1 26 Lazio Rome Hernan Crespo
59%
2018/2019 2 23 Atalanta BC Duvan Zapata
54%
2019/2020 5 18 Atalanta BC Duvan Zapata
54%
1999/2000 2 23 ACF Fiorentina Gabriel Batistuta
54%
2000/2001 4 20 AS Rome Gabriel Batistuta
54%
2008/2009 5 16 AC Milan Kaka
54%
2018/2019 3 22 Genoa CFC / AC Milan Krzysztof Piatek
54%
2016/2017 3 26 Torino FC Andrea Belotti
51%
2003/2004 2 23 Parme FC Alberto Gilardino
41%
2004/2005 2 23 Parme FC Alberto Gilardino
41%
2008/2009 4 19 ACF Fiorentina Alberto Gilardino
41%
2009/2010 5 15 ACF Fiorentina Alberto Gilardino
41%
2020/2021 3 22 Atalanta BC Luis Muriel
41%
2002/2003 5 15 Parme FC Adriano
38%
2003/2004 5 17 Parme FC / Inter Milan Adriano
38%
2018/2019 5 17 SSC Naples Arkadiusz Milik
38%
2015/2016 3 18 AC Milan Carlos Bacca
38%
2022/2023 3 16 US Salernitana 1919 Boulaye Dia
36%
2000/2001 3 22 ACF Fiorentina Enrico Chiesa
36%
2024-2025 4 15 FC Bologne Riccardo Orsolini
36%
2021/2022 5 17 AS Rome Tammy Abraham
36%
2012/2013 4 16 AC Milan Stephan El Shaarawy
33%
2012/2013 5 15 Lazio Rome Miroslav Klose
31%
2009/2010 3 19 Palerme FC Fabrizio Miccoli
23%
2014/2015 5 16 AC Milan Jérémy Ménez
23%
2010/2011 4 10 Cagliari Calcio / Juventus Turin Alessandro Matri
21%
2012/2013 3 16 AS Rome Daniel Osvaldo
18%
2001/2002 4 20 Parme FC Marco Di Vaio
18%
2008/2009 3 24 FC Bologne Marco Di Vaio
18%
2010/2011 5 19 FC Bologne Marco Di Vaio
18%
2004/2005 1 24 US Livorno 1915 Cristiano Lucarelli
15%
2005/2006 5 19 US Livorno 1915 Cristiano Lucarelli
15%
2006/2007 2 20 US Livorno 1915 Cristiano Lucarelli
15%
2021/2022 4 17 Hellas Verone / Cagliari Calcio Giovanni Simeone
15%
1999/2000 5 18 AS Rome Vincenzo Montella
15%
2004/2005 3 21 AS Rome Vincenzo Montella
15%
2019/2020 4 21 US Sassuolo Francesco Caputo
13%
2004/2005 5 19 US Lecce Mirko Vucinic
13%
2007/2008 3 19 Genoa CFC Marco Borriello
10%
2002/2003 2 18 Parme FC Adrian Mutu
8%
2007/2008 5 17 ACF Fiorentina Adrian Mutu
8%
2011/2012 5 19 Genoa CFC Rodrigo Palacio
8%
2001/2002 1 24 Piacenza Calcio 1919 Dario Hubner
5%
2009/2010 4 19 UC Sampdoria Giampaolo Pazzini
5%
2003/2004 4 19 US Lecce Javier Chevanton
5%
2015/2016 5 14 Genoa CFC Leonardo Pavoletti
3%
2023/2024 5 14 Genoa CFC Albert Gudmundsson
0%
2006/2007 3 19 ACR Messina Christian Rigano
0%
2005/2006 3 22 Cagliari Calcio David Suazo
0%
2001/2002 5 18 Venezia FC Filippo Maniero
0%
2006/2007 5 17 Catania FC Gionatha Spinesi
0%
1999/2000 4 18 Torino FC Marco Ferrante
0%
2006/2007 4 18 Reggina 1914 Rolando Bianchi
0%
Aucun quiz correspondant
Distribution des résultats
% des personnes avec chaque résultat
Percentile par nombre de réponses
Votre historique - résultats
Vous n’avez pas pris ce quiz depuis la dernière actualisation